| 000 | 00995nas a2200289 4500 | ||
|---|---|---|---|
| 001 | BR8401154 | ||
| 003 | BR-BrBNA | ||
| 005 | 20231205085823.0 | ||
| 007 | ta | ||
| 008 | 230509b bl.|||p| |||| 00| 00por d | ||
| 040 |
_aBR-BrBNA _bpor _cBiblioteca Nacional de Agricultura |
||
| 041 | _a(Pt) | ||
| 072 | _aK10 | ||
| 100 | 1 | _aPaiva, H.N. | |
| 100 | 1 | _aPaula Neto, F. | |
| 100 | 1 | _aBrandi, R.M. | |
| 100 | 1 | _aVale, A.B. do | |
| 245 | 1 | _aInfluencia das idades de corte e de desbrota e do numero de brotos sobre o desenvolvimento da brotacao de cepas de Eucalyptus spp. [eucalipto] | |
| 246 | 1 | _a[Influence of the cut age, age of sprouts, and number of sprouts on the development of Eucalyptus spp stump sprouting [Eucalypt]] | |
| 650 | _aEUCALIPTO | ||
| 650 | _aCORTE | ||
| 650 | _aBROTACAO | ||
| 650 | _aBROTO | ||
| 773 | 0 |
_tRevista Arvore (Brazil) _xISSN 0100-6762 _g(Jan-Jun 1983), v. 7(1) p. 1-10 _wBR8401154 |
|
| 909 |
_a202311 _bLúcia _c55 _dLúcia Elande |
||
| 942 |
_2AGRIS _n0 _cANA |
||
| 999 |
_c114055 _d114055 |
||